01079nam a22001937b 450000500170000000800410001702000230005804000140008104100060009508200120010110000240011324500520013726000400018930000230022950004370025294200560068999900190074595201210076420240902160721.0240902b sa ||||| |||| 00| 1 eng d a9780798182942qpbk aRDAcOCLC 2E aAF LOTZ aLotz, Marie9188519 aPolsslagbWraak is net die begincby Marie Lotz aKaapstad;bHuman & Rousseau;c2022. a333 pagesc23.5 cm apeurder-kaptein Alek Strauss van die FSO word saam met sy span uitgeroep na ’n raaiselagtige moordtoneel. Die liggaam van ’n vrou is in ’n afgeleë bouval in Pretoria-Oos gevind. Advokaat Lynn Rawlins is skynbaar verwurg. Teen die muur staan in bloed geskrywe: Sprich nichts Böses. Doktor Nadiya Patel, forensiese sielkundige, is vas oortuig die moordenaar se modus operandi is ’n waarskuwing dat nog lewens in gevaar is. 2ddccBOOKw174xSanet Schoemany174zSanet Schoeman c767023d767022 00102ddc40708FaSTANRLbMORGLcFICd2024-09-02g250.00l0oAF LOTZp33228031152620r2024-09-02w2024-09-02yBOOK